000 00384nam a2200169Ia 4500
005 20240823062421.0
008 240823s9999||||xx |||||||||||||| ||und||
041 _aENGLISH
082 _A621.381528
100 _aSharma M C
245 0 _aUSING FIELD EFFECT TRANSISTORS
250 _aFIRST
500 _aTransfered
650 _aFET
_bElectronics
942 _cBK
999 _c235827
_d235827